| 000 | 01200nam a22002177a 4500 | ||
|---|---|---|---|
| 005 | 20251211161950.0 | ||
| 010 | _aB-776520-536 HIN-130665 25BACHN25 | ||
| 020 |
_a9789392747175 _c595.00 |
||
| 035 | _aB-776520-536 | ||
| 035 | _aHN-103011 | ||
| 037 | _bसदाचार प्रकाशन | ||
| 037 | _bDBAD | ||
| 082 | _a370.954 | ||
| 100 |
_aवीरेन्द्र सिंह _986065 |
||
| 245 |
_aभारत में शिक्षा का विकास / _cवीरेन्द्र सिंह |
||
| 260 |
_aनई दिल्ली _bसदाचार प्रकाशन _c2025 |
||
| 270 |
_a1376 द्वितीय तल, कश्मीरी गेट, _b दिल्ली _e110006 |
||
| 300 |
_a191पृ. _c23सेमी (सजिल्द) |
||
| 942 |
_2ddc _cHN _mवीरेन्द्र _h370.954 |
||
| 999 |
_c209916 _d209916 |
||